000 00590nam a22001817a 4500
005 20171113141947.0
010 _aENG-121318
020 _a9789384725365
_c150.00
035 _aEN-104850
037 _bDBAD/PUB
082 _a000
245 _aSakthi's year book 2015 :
_bgeneral knowledge /
260 _aChennai
_bSakthi Publishing House
_c2015
270 _a1C, Jeer Street, ( Next to Solaiyappan St.), Old Washermenpet,
_bChennai
_e600021
300 _a60 p. :
_c22 cm (Pbk)
_bill.
505 _aUseful for All Competitive Examinations
942 _2ddc
_cEN
_h000
_mSAK
999 _c147354
_d147354